Opatrenia na zlepšenie rozhodovania v malých a stredných hoteloch v Chorvátsku

Opatrenia na zlepšenie rozhodovania v malých a stredných hoteloch v Chorvátsku. Výsledky vedeckého výskumu o význame opatrení na zlepšovanie rozhodovania. Charakteristika štatistického výberu a metodológie výskumu. Význam informačných technológií v zlepšovaní rozhodovania. Aplikácia vedeckých rozhod...

Ausführliche Beschreibung

Gespeichert in:
Bibliographische Detailangaben
1. Verfasser: Brajdič, Igor
Format: Buchkapitel
Sprache:Slowakisch
Schlagworte:
Tags: Tag hinzufügen
Keine Tags, Fügen Sie das erste Tag hinzu!

MARC

LEADER 00000naa a2200000 4500
001 r039733
005 20230724105532.0
041 0 |a slo 
044 |a SK 
245 1 0 |a Opatrenia na zlepšenie rozhodovania v malých a stredných hoteloch v Chorvátsku  |c Igor Brajdič 
520 |a Opatrenia na zlepšenie rozhodovania v malých a stredných hoteloch v Chorvátsku. Výsledky vedeckého výskumu o význame opatrení na zlepšovanie rozhodovania. Charakteristika štatistického výberu a metodológie výskumu. Význam informačných technológií v zlepšovaní rozhodovania. Aplikácia vedeckých rozhodovacích metód a techník. Záver: Najdôležitejšie výsledky empirického výskumu. 
610 2 0 |a rozhodovanie 
610 2 0 |a hotely 
610 2 0 |a podnik malý 
610 2 0 |a podnik stredný 
610 2 0 |a Chorvátsko 
610 2 0 |a opatrenia 
610 2 0 |a výskum vedecký 
610 2 0 |a metódy rozhodovania 
100 1 |a Brajdič, Igor